Normal view
MARC view
- इंदूरकर उ
Entry Personal Name
001 - CONTROL NUMBER
- control field: 216653
003 - CONTROL NUMBER IDENTIFIER
- control field: OSt
005 - DATE AND TIME OF LATEST TRANSACTION
- control field: 20260206135153.0
008 - FIXED-LENGTH DATA ELEMENTS
- fixed length control field: 260206|| aca||aabn | a|a d
040 ## - CATALOGING SOURCE
- Original cataloging agency: OSt
- Transcribing agency: OSt
100 ## - HEADING--PERSONAL NAME
- Personal name: इंदूरकर उ
670 ## - SOURCE DATA FOUND
- Source citation: Work cat.: (OSt)370065: इंदूरकर उ , प्राचीन मंदिरे , मूर्ती आणि भावपूर्ण शिल्पे, 2019